Kid's Show Quiz Stats

 Plays Quiz not verified by Sporcle

Score 0/13 Timer 10:00
0 Plays Today
(on PBS) Show Name % Correct
A show about an aardvark and is friends, and familyArthur
85.9%
A classic show with muppetsSesame Street
69.4%
A show about a bunch of dogs who talkClifford
65.9%
A show about dinosaur adventures and they travel on a trainDinosaur Train
60%
A show about a talking dog who often finds herself in troubleMartha Speaks
49.4%
A show about a kid who loves to ask questionsSid the Science Kid
38.8%
A show about a cat who takes 2 kids on adventures and learn stuffCat in the Hat
37.6%
A show that is a game show hosted by a dogFetch
37.6%
A show about animals who make wordsWord World
32.9%
A show with a bunch of kids who showed you how to do arts and crafts, had funny skits and cookingZoom
30.6%
A show about a puppy and his life in the cityClifford's Puppy Days
24.7%
A show about making wordsElectric Company
21.2%
A show about five super hero based characters who go into stories to find a solution to a problemSuper Readers
11.8%

You're not logged in!

Compare scores with friends on all Sporcle quizzes.
OR
Log In

Show Comments

Extras

Created Feb 26, 2012ReportNominate
Tags:Show Quiz, kid, pbs

Top Quizzes Today


Score Distribution

Your Account Isn't Verified!

In order to create a playlist on Sporcle, you need to verify the email address you used during registration. Go to your Sporcle Settings to finish the process.

Report this User

Report this user for behavior that violates our Community Guidelines.

Details: